El pensamiento educativo de la Institución Marista /
Estudio sobre el pensamiento pedagógico que inspira la labor educativa de Marcelino Champagnat (1789-1840), fundador de la Institución Marista en 1817. Pretende analizar las características propias de un sistema educativo que surgió en un contexto histórico específico, pero con rasgos de atemporalid...
Gespeichert in:
| 1. Verfasser: | |
|---|---|
| Format: | Buch |
| Sprache: | Spanisch |
| Veröffentlicht: |
Valencia, España :
NAU Llibres,
1984, c1984
|
| Schlagworte: | |
| Tags: |
Keine Tags, Fügen Sie das erste Tag hinzu!
|
MARC
| LEADER | 00000nam^a2200000^a^4500 | ||
|---|---|---|---|
| 001 | 000390353 | ||
| 005 | 20250624000000.0 | ||
| 009 | 20260310121146.315 | ||
| 020 | |a 84-85630-77-7 | ||
| 037 | |a Acervo ITESO - Biblioteca | ||
| 041 | |a ESP | ||
| 082 | |a 255. 792 |b CHA EST DOR | ||
| 100 | |a Dorado Soto, María Angeles |e (autor) | ||
| 245 | 1 | 3 | |a El pensamiento educativo de la Institución Marista / |c M.A. Dorado Soto. |
| 264 | 4 | |a Valencia, España : |b NAU Llibres, |c 1984, c1984 | |
| 300 | |a 257 p. | ||
| 336 | |a texto |b txt |2 rdacontenido | ||
| 337 | |a sin mediación |b n |2 rdamedio | ||
| 338 | |a volumen |b nc |2 rdasoporte | ||
| 520 | |a Estudio sobre el pensamiento pedagógico que inspira la labor educativa de Marcelino Champagnat (1789-1840), fundador de la Institución Marista en 1817. Pretende analizar las características propias de un sistema educativo que surgió en un contexto histórico específico, pero con rasgos de atemporalidad y útil para cualquier circunstancia espacio-temporal. Compara desde el punto de vista fenomenológico el sistema de Champagnat con el sistema educativo español de la década de 1980 con la finalidad de contrastar y descubrir la filosofía educativa propia del educador francés fundador de los Maristas. | ||
| 561 | |a Ex libris de Biblioteca Quinta Soledad, Centro Champagnat | ||
| 649 | |a XX | ||
| 650 | |a Educadores Franceses | ||
| 650 | |a Santos Franceses | ||
| 650 | |a Maristas | ||
| 650 | |a Ministros Religiosos Franceses | ||
| 650 | |a Maristas en Francia - |x Historia | ||
| 650 | |a Maristas en la Educación - |x Historia | ||
| 650 | |a Monasticismo y Ordenes Religiosas - |z Francia - |x Historia | ||
| 650 | |a Iglesia y Educación - |z Francia - |x Historia | ||
| 650 | |a Iglesia Católica en Francia - |x Historia | ||
| 650 | |a Catolicismo - |z Francia - |x Historia | ||
| 650 | |a Cristianismo - |z Francia - |x Historia | ||
| 650 | |a Religión - |z Francia - |x Historia | ||
| 650 | |a Educación - |x Teoría - |x Tema Principal | ||
| 650 | |a Francia - |x Historia - |y Restauración, 1815-1848 | ||
| 650 | |a Francia - |x Historia - |y Revolución Liberal Burguesa, 1774-1848 | ||
| 650 | |a Francia - |x Historia - |y Siglo XIX | ||
| 650 | |a Champagnat, Marcelino - |x Tema Principal | ||
| 910 | |a Fondo General | ||
| 920 | |a Impresos - Libros | ||
| 930 | |a Colección General | ||
| 905 | |a 101 | ||
| 901 | |a 0500284892 |b IT1 |c ACC |d DT |i D82857 |u 20250624 | ||
| 902 | |a https://opac.biblio.iteso.mx/vufind/Record/000390353 | ||